MDQL
is popping MORE tags! Check the
thread
!
Quizzes
Events
Quiz Creation
Community
Videos
Private Events
Remove Ads
Sign In
Join for FREE
Feedback
Dark Mode
Quiz Categories
Sports
Geography
Music
Movies
Television
Just For Fun
Miscellaneous
History
Literature
Language
Science
Gaming
Entertainment
Religion
Holiday
For Kids
Quiz Lab
Recent
Popular Today
Quiz Kudos Today
Editor Picks
Curator Picks
Quizzes by...
Day
Popularity
Type
Ratings
Length
Year
Community
Subscriptions
Recent Discussions
Orange Saloon
Badges
Playlists
Quests
Create
Leaderboards
Showdown
Live 5
Trivia Bingo
Activity
Puzzle Library
Sporcle Events
Private Events
Virtual Trivia
Globe League
Become a Host
Pub Owners
SporcleCon
Opinionation
Our Games
Videos
Blog
Mobile Apps
Partnerships
Remove Ads and Go Orange
Feedback
Miscellaneous
Crossword
General Knowledge
Baby Names
Logo
Food
Cars
Numbers
Grab Bag
University
College
Popular
Company
Slogans
Restaurants
Justice
Letter
Miscellaneous
Crossword
General Knowledge
Baby Names
Logo
Food
Cars
Numbers
Grab Bag
University
College
Popular
Company
Slogans
Restaurants
Justice
Letter
Random Quiz
Search Sporcle
×
Quiz Lab
Quiz Lab
Miscellaneous
hot
Type in answers that appear in a list
Type in answers that appear in a list
Classic
Best Score? Go Orange.
Dancing Hot Dog Showdown Stats
Can you name the functions?
By
librarian2620
4m
21 Questions
3 Plays
3 Plays
3 Plays
Comments
Comments
Give Quiz Kudos
Give Quiz Kudos
-
- Ratings
hide this ad
Random Order
Randomize order of answers
Randomize order of answers
Replay
Link that replays current quiz
Next Quiz
Link to next quiz in quiz playlist
You Got
0%
They Got
Avg Score
58%
Avg Friend Score
Upgrade to see
Score Distribution
Jump to the score distribution portion of the page
Score
0/21
Timer
04:00
0
Plays Today
% Correct
MNIX
100%
UUF
66.7%
SS2
66.7%
WWWC
66.7%
PTKS
66.7%
DRQS SUB
66.7%
DRQS EN
66.7%
SUO8
66.7%
PLPH
66.7%
ADSK FDBK REP
66.7%
ADSK TEAM 2620
66.7%
% Correct
CNNT
66.7%
BIOC
66.7%
PVF
66.7%
MDBD
66.7%
POUT
33.3%
WCPY
33.3%
LPRU
33.3%
TBH
33.3%
FXFS
33.3%
FLIK
33.3%
Quiz Playlist
Details
Report
Send in Message
Add To Playlist
Classic:
Type in answers that appear in a list
Random Order:
Randomize order of answers
Last Updated: Feb 16, 2017
Quiz Scoreboard
CHALLENGE
Sign Up to Join the Scoreboard
Show All
Scores
Hide
Comments
May contain spoilers
Recently Published
Find the 'City' Movie
by crazypaving
Movies
60s
5x2 Blitz: Bands
by SL_Kpop136
Music
30s
Colored Red Africa Blitz
by spor1
Geography
30s
More to Explore
Quiz From the Vault
Featured Blog Post
14 Easter Pick-up Lines to Find Eggs With
hide this ad
You Might Also Like...
Tags
dance
dog
function
hot
Showdown
Today's Top Quizzes in Miscellaneous
Browse Miscellaneous
hide this ad
Today's Top Quizzes in hot
Browse hot
Top Contributed Quizzes in Miscellaneous
1
5-to-1: Fast Food
2
The JOE quick-fire general knowledge quiz: Day 174
3
9x9 Crossword: Disney Movie Titles
4
9x9 Crossword: Charlie and the Chocolate Factory
5
9x9 Crossword: 2022 Movies
6
9x9 Crossword: Pixar Movie Titles
7
9x9 Crossword: Actors
8
9x9 Crossword: Flags
9
9x9 Crossword: Mario
10
9x9 Crossword: The Simpsons
Explore More
Trending Topics
Harry Potter
Crossword
Disney
NBA
Kpop
Anime
Marvel
Pokémon
The Office
Soccer
Puzzle
WWE
Country
NFL
Song
hide this ad
More By:
librarian2620
Quiz
Plays
Rating
Category
Featured
Created
Dancing Hot Dog Showdown
3
Miscellaneous
Jan 10, 2011
Go to Creator's Profile
Score Distribution
Quiz Creator Spotlight
librarian2620
Follow
Send a Message
Quizzes Created
-
Created Quiz Play Count
-
More By This Creator
Popular Quizzes Today
1
Colored Red Africa Blitz
2
Find the 'City' Movie
3
Find the US States - No Outlines Minefield
4
5x2 Blitz: Bands
5
The Countries of the World
6
Find the US States
7
US States
8
Find the Countries of Europe - No Outlines Minefield
More Miscellaneous Quizzes
Restaurant Logos
Published
Trending Quizzes
Colored Red Europe Blitz I
Colored Red Africa Blitz II
Colored Red Europe Blitz II
Colored Red Africa Blitz III
Colored Red Europe Blitz III
Recently Updated
How Do You Spell That?
pecheneg
Godzilla Movies
pecheneg
Grab Bag: 4-10 Letters
pecheneg
2024 March Madness Bracket
pecheneg
Famous TV Couples
Peacemaker
Champions League XIs: Real Madrid
pecheneg
Largest US Cities 1790-2010
pecheneg
Rides in Walt Disney World
pecheneg
Most Oscar Losses (Acting)
pecheneg
Beyoncé Albums
pecheneg
Trending Topics
Anime
Harry Potter
Kpop
Disney
Crossword
Marvel
NBA
WWE
The Office
Soccer
NFL
Song
Pokémon
Puzzle
Country
Your Account Isn't Verified!
In order to create a playlist on Sporcle, you need to verify the email address you used during registration. Go to your
Sporcle Settings
to finish the process.
Report this User
Report this user for behavior that violates our
Community Guidelines
.
Details:
Send Report
Go to the Sporcle.com Mobile Site →
Comments